Teen Wolf Characters by Image Quiz Stats

 Plays Quiz Updated Jul 27, 2018

Score 0/24 Timer 05:00
26 Plays Today
Hint Answer % Correct
Scott McCall
98.7%
Stiles Stilinski
96.7%
Allison Argent
95.8%
Lydia Martin
95.6%
Jackson Whittemore
93.3%
Derek Hale
92.1%
Chris Argent
87.8%
Peter Hale
87.1%
Kira Yukimura
87.1%
Isaac Lahey
86%
Malia Tate
85.5%
Coach Bobby Finstock
84.9%
Hint Answer % Correct
Sheriff Noah Stilinski
83.1%
Danny Mahealani
82.7%
Kate Argent
81.9%
Erica Reyes
80.9%
Melissa McCall
80%
Vernon Boyd
79.8%
Dr. Alan Deaton
68.9%
Gerard Argent
63.6%
Jennifer Blake
56.9%
Deucalion
54.8%
Kali
45.1%
Ms. Marin Morrell
41.1%

You're not logged in!

Compare scores with friends on all Sporcle quizzes.
OR
Log In

Show Comments

Extras

Top Quizzes Today


Score Distribution

Your Account Isn't Verified!

In order to create a playlist on Sporcle, you need to verify the email address you used during registration. Go to your Sporcle Settings to finish the process.

Report this User

Report this user for behavior that violates our Community Guidelines.

Details: